000 005450000a22001810004500
003 MACL
005 20160506112607.0
008 160506b xxu||||| |||| 00| 0 eng d
040 _aMACL
_cMACL
041 _aHindi
082 _a800 NIL
100 _aनीलाभ
_9555
245 _aकुछ कही : कुछ अनकही
_cनीलाभ
260 _aइलाहाबाद
_bप्रभा पब्लिशिंग
_c2012
350 _a225
650 _aसाहित्‍य
_955405
942 _cHIN
_k800/NIL
_2ddc
999 _c47161
_d47161